000 00320nam a2200109 a 4500
005 20201002044908.0
008 140401s1970 000 spa d
100 _aVélez de Guevara, Luis
_971475
245 3 _aEl diablo cojuelo : reinar después de morir.
260 _aMadrid -- Libra,
_c1970 -- 188 p.
999 _c43130
_d43130
040 _aDO-SdBNP